Largest Cities in Russia - Statistics

General Stats
  • This quiz has been taken 134 times
  • The average score is 19 of 30
Answer Stats
Clue City % Correct
St. Petersburg
100%
Largest Cities Moscow
99%
Volgograd
83%
Nizhny Novgorod
80%
Winter Olypics host Sochi
78%
Yekaterinburg
78%
Rostov-on-Don
77%
Omsk
76%
Omsk
76%
Kazan
75%
Novosibirsk
75%
Largest Siberian Cities Novosibirsk
75%
Vladivostok
74%
Samara
73%
Ufa
71%
Perm
66%
Northernmost major city Murmansk
64%
Chelyabinsk
62%
Chelyabinsk
62%
Krasnodar
58%
Irkutsk
56%
Separated city Kaliningrad
55%
Voronezh
49%
Krasnoyarsk
48%
Krasnoyarsk
48%
City on the White Sea Arkhangelsk
46%
Saratov
45%
Major City in Volga delta Astrakhan
40%
Dagestan Capital Makhachkala
30%
Barnaul
15%
No matching quizzes found
Score Distribution
Percent of People with Each Score
Percentile by Number Answered
Your Score History
You have not taken this quiz